000
00308nam a2200121Ia 4500
008
220204s9999 xx 000 0 und d
082
_a
54:57.086.2
_b
MAS.1
100
_a
Clyde Walter
245
0
_a
Handbook of chemical microscopy. V 1
250
_a
Ed.4
260
_a
New York
_b
John Wiley
_c
1983
942
_c
BK
999
_c
37308
_d
37308